Dějepis pro 5. ročník experimentálních škol

Bibliographic Details
Main Authors: Balcar, Luboš (Author), Suttý, Miroslav, 1920- (Author)
Format: Book
Language:Czech
PhysicalDescription:214 s. 8°
Published: Praha Státní pedagogické nakladatelství 1979
Edition:2. vyd.

MARC

LEADER 00000nam a2200000 a 4500
001 vtls001165508
003 SK-MaSNL
005 20260301233737.0
008 250414s1979 CS 0 cze
035 |a SNK000108487 
040 |a SNK  |b slo  |c SNK  |e AACR2 
041 0 |a cze 
044 |a [CS] 
080 |a 372.893(075.2)  |2 1981 
100 1 |a Balcar, Luboš  |4 aut  |9 60524 
245 1 0 |a Dějepis pro 5. ročník experimentálních škol  |c Luboš Balcar, Miroslav Suttý 
250 |a 2. vyd. 
260 |a Praha  |b Státní pedagogické nakladatelství  |c 1979 
300 |a 214 s.  |c 8° 
700 1 |a Suttý, Miroslav,  |d 1920-  |4 aut  |9 118306 
852 |a Slovenská národná knižnica 
954 |a dejepis 
958 |a OND 
999 |c 967513  |d 969443 
952 |t P60, <04>, [BOOK], {604}  |a SNK  |b SNK  |y VYP  |7 0  |p 17A0074639  |o snkIC 76909 D1  |0 0  |1 1  |4 0  |d 1997-06-21  |l 0  |r 2005-01-01 00:00:00  |w 2026-02-24